| 000 | 01179nam0a22003011 4500 | ||
|---|---|---|---|
| 001 | rc\2230376 | ||
| 005 | 20250623065207.0 | ||
| 035 | _a(NLR Aleph) 006646696 | ||
| 090 |
_a4750849 _c4750849 |
||
| 100 | _a20110829d1978 |||y0rusy50 ca | ||
| 101 | 0 | _arus | |
| 102 | _aRU | ||
| 105 | _ay z |||a| | ||
| 200 | 1 |
_aСолнце загорается за Сожем _eИзбр. стихи _f[Предисл. Б. Бурьяна] |
|
| 210 |
_aМинск _cМастац. лiт. _d1978 |
||
| 215 |
_a191 с. _d17 |
||
| 300 | _aНа обл. авт. не указан | ||
| 327 | 1 | _aСодерж.: Стихи разных лет; Из книг "Локоть друга", "Ручеек", "Следы на отмели" | |
| 464 | 0 |
_12001#$aСтихи разных лет$aЛокоть друга$aРучеек$aСледы на отмели _tСледы на отмели |
|
| 700 | 1 |
_aТитов _bК.М. _f1905-1972 _gКонстантин Маркович |
|
| 702 | 1 |
_aБурьян _bБ. _4080 |
|
| 801 | 0 |
_aRU _bNLR _gpsbo |
|
| 801 | 1 |
_aRU _bELAR _2rusmarc |
|
| 852 |
_aNLR _j78-2/1992 |
||
| 899 |
_aRuMoRGB _jБ 78-42/1078 |
||
| 899 |
_aRuMoRGB _jБ 78-42/1079 |
||
| 942 | _cBOOK | ||
| 980 | _aNB | ||